Stolice Europy bez litery O - Statystyki

Ogólne statystyki
  • Ten quiz został rozwiązany 597 razy
    594 od ostatniego zresetowania
  • Średni wynik to 22 z 28
Statystyki odpowiedzi
Stolica % Poprawnych
Warszawa
99%
Madryt
92%
Berlin
91%
Bratysława
89%
Paryż
88%
Praga
88%
Rzym
88%
Helsinki
86%
Ryga
85%
Budapeszt
84%
Bukareszt
83%
Ateny
81%
Mińsk
81%
Amsterdam
80%
Tallinn
80%
Zagrzeb
79%
Dublin
78%
Wiedeń
78%
Bruksela
76%
Watykan
73%
Luksemburg
71%
Reykjavík
71%
Vaduz
66%
Valletta
63%
Belgrad
62%
Lublana
60%
Tirana
59%
Prisztina
54%
Nie znaleziono quizów pasujących do podanych kryteriów
Rozkład punktacji
Procent ludzi z każdym wynikiem
Percentyl według liczby udzielonych odpowiedzi
Twoja historia wyników
Nie rozwiązałeś tego quizu od ostatniego zresetowania